000 00276nam a22001337a 4500
020 _a978-1843392729
041 _aENG
100 _aBerg.S
245 _aWater Utility Benchmarking
260 _aNew Delhi
_bIwa Pub
_c2010
300 _a170
650 _aIDE
856 _uIDE
999 _c2665
_d2665